| 000 | 00696cam a2200265 4500 | ||
|---|---|---|---|
| 008 | 090401t1992 xxu||||| |||| 00| 0 eng d | ||
| 020 | _a0860173518 | ||
| 035 | _a(Sirsi) u53078 | ||
| 041 | _aeng | ||
| 050 | _a614.78 | ||
| 100 | _aHead, J.M. | ||
| 245 | _aGround-borne vibrations arising from piling. | ||
| 260 |
_aLondon _bCIRIA _c1992 |
||
| 300 | _a83p. ; 30cm. | ||
| 350 | _a0 | ||
| 490 |
_aCIRIA Technical Note _v142 |
||
| 650 | _aPILING | ||
| 650 | _aSTRUCTURAL DAMAGE | ||
| 650 | _aVIBRATIONS | ||
| 690 | _aBUILT ENVIRONMENT | ||
| 700 | _aJardine, F.M. | ||
| 710 |
_aConstruction Industry Research and Information Association _94810 |
||
| 942 | _n0 | ||
| 948 | _c04/03/1997 | ||
| 999 |
_c93219 _d93219 |
||